000 00285nam a22001337a 4500
008 171003b xxu||||| |||| 00| 0 eng d
020 _a9781572302471
041 _aeng
080 _a159.9
100 _a48
101 _aPSI
245 _aEMBARRASSMENT
_cMILLER,R.S
942 _2udc
_cBK
999 _c31397
_d31397